00574cam a22001935a 450000100060000000300080000600500170001400800390003103500190007004000270008904100080011608200210012410000330014524500570017826000420023530000210027750400200029860000620031817556BD-RjUL20211209000147.0140217t1965 enk 001 0 eng a(BD-RjUL)17614 aDLCcDLCbengdBD-RjUL aeng04a822.33bCOS 19651 aCoghill, Nevill,d1899-1980.10aShakespeare's professional skills /cNevill Coghill. aCambridge :bUniversity Press,c1965. a224 p. ;c24 cm. aincludes index.10aShakespeare, William,d1564-1616xKnowledge and learning.